Country Recognition - Statistics

General Stats
  • This quiz has been taken 139 times
    36 since last reset
  • The average score is 14 of 20
Answer Stats
Picture Answer % Correct
Kosovo
97%
Faroe
94%
Isle of Man
91%
Greenland
88%
Puerto Rico
88%
Guam
85%
Macau
85%
Northern Cyprus
85%
Åland
76%
Sahrawi
76%
Transnistria
71%
Somaliland
68%
South Ossetia
68%
New Caledonia
65%
Palestine
65%
Abkhazia
62%
Israel
56%
Artsakh
47%
Azad Kashmir
35%
Christmas Islands
32%
No matching quizzes found
Score Distribution
Percent of People with Each Score
Percentile by Number Answered
Your Score History
You have not taken this quiz since the last reset